Sports Quiz

Random Sports Quiz

Wrestler Pictograms Quiz Stats

 Plays Quiz not verified by Sporcle

Challenge
Share
Tweet
Score 0/10 Timer 05:00
0 Plays Today
% Correct
Bret Hart
84.8%
Bam Bam Bigelow
78%
Chyna
72.7%
Razor Ramon
71.2%
Ricky Steamboat
68.9%
Million Dollar Man
62.1%
Billy Gunn
59.8%
Diesel
57.6%
Shawn Michaels
54.5%
Samoa Joe
33.3%

You're not logged in!

Compare scores with friends on all Sporcle quizzes.
OR
Log In

You Might Also Like...

Show Comments

Extras

Created Jul 9, 2017ReportNominate
Tags:pictogram

Top Quizzes Today


Score Distribution

Your Account Isn't Verified!

In order to create a playlist on Sporcle, you need to verify the email address you used during registration. Go to your Sporcle Settings to finish the process.

Report this User

Report this user for behavior that violates our Community Guidelines.

Details: